000 00343 a2200121 4500
245 _aShakespearian tragedy
_hprint
250 _a[1st ed.]
650 _aliterature
005 20191021095919.0
260 _aenk
_bUniversity Press
_c1949
084 _aPR2983 .C5 1949
300 _aix, 245 p. 21 cm.
_bix, 245 p. 21 cm.
_cix, 245 p. 21 cm.
999 _c12835
_d12835